000 00364pab a2200133 454500
008 180718b xxu||||| |||| 00| 0 eng d
100 _aSussman, Oren
245 _aFinancial liberalization: the israeli experience
650 _a Liberalization
650 _a Finance, Public
650 _aFinance, Pubil - Israel
773 _aOxford Economic Papers
909 _a23015
999 _c23015
_d23015